Eyes Closed by Imagine Dragons (Lyrics) - Statistics

General Stats
  • This quiz has been taken 32 times
  • The average score is 324 of 408
Answer Stats
Answer % Correct
a
100%
closed
100%
eyes
100%
I
100%
my
100%
the
100%
The
100%
do
96%
this
96%
I'm
92%
of
92%
was
92%
with
92%
an
88%
could
88%
for
88%
from
88%
in
88%
me
88%
be
85%
it
85%
Turn
85%
turn
85%
(turn
85%
(Turn
85%
and
81%
And
81%
back
81%
Been
81%
been
81%
born
81%
cage
81%
dead
81%
head
81%
lights
81%
lights)
81%
Lock
81%
never
81%
(Oh)
81%
out
81%
raised
81%
that
81%
up
81%
are
77%
can
77%
car
77%
They
77%
they
77%
angels
73%
away
73%
maze
73%
say
73%
among
69%
drivin'
69%
honest
69%
Just
69%
just
69%
promised
69%
throw
69%
us
69%
when
69%
don't
65%
hands
65%
i'll
65%
i've
65%
key
65%
all
62%
All
62%
but
62%
gone
62%
inside
62%
put
62%
tomorrow's
62%
every
58%
said
58%
should
58%
spared
58%
'bout
54%
broke
54%
cause
54%
coast
54%
grit
54%
resurrected
54%
throwin'
54%
worry
54%
ahead
50%
day
50%
despair
50%
down
50%
get
50%
horrors
50%
pit
50%
places
50%
takin'
50%
word
50%
alone
46%
beat
46%
blood
46%
facin'
46%
far
46%
keys
46%
Less
46%
less
46%
made
46%
Mantras
46%
meditation
46%
mind
46%
still
46%
will
46%
as
42%
bled
42%
broken
42%
days
42%
spend
42%
these
42%
violence
42%
whip
42%
wrath
42%
buried
38%
faceless
38%
Killed
38%
manifestations
38%
Somethin'
38%
tasteless
38%
twofaces
38%
Yeah
38%
medications
35%
embraces
31%
islands
31%
piranhas
31%
No matching quizzes found
Score Distribution
Percent of People with Each Score
Percentile by Number Answered
Your Score History
You have not taken this quiz